|
|
|
|
| LEADER |
00000nam0a2200000 4500 |
| 001 |
264369 |
| 005 |
20231101233827.0 |
| 010 |
|
|
|a 9785922115384
|
| 035 |
|
|
|a (RuTPU)RU\TPU\book\287360
|
| 090 |
|
|
|a 264369
|
| 100 |
|
|
|a 20140618d2013 k y0rusy50 ca
|
| 101 |
0 |
|
|a rus
|
| 102 |
|
|
|a RU
|
| 105 |
|
|
|a a z 001zy
|
| 200 |
1 |
|
|a Прикладные задачи механики композитных цилиндрических оболочек
|f Ю. С. Соломонов [и др.]
|
| 210 |
|
|
|a Москва
|c Физматлит
|d 2013
|
| 215 |
|
|
|a 406 с.
|c ил.
|
| 320 |
|
|
|a Библиогр.: с. 393-405.
|
| 330 |
|
|
|a В книге изложены проблемы практического использования композиционных материалов в тонкостенных конструкциях типа цилиндрических оболочек. Получены дифференциальные уравнения устойчивости и колебаний однослойных, трехслойных и слоистых оболочек, подкрепленных ребрами жесткости и упругим цилиндром, и предложены методы их решения. С помощью метода граничных параметров показано влияние граничных условий на состояние оболочек, а также исследовано поведение систем, имеющих естественные или искусственные ослабления. Рассмотрены вопросы динамики оболочек и защитных экранов при действии импульсного излучения и ударов твердых частиц. Решен ряд задач по флаттеру, динамической устойчивости и оптимизации подкрепленных оболочек. Даны методики экспериментов по моделированию процессов, импульсному нагружению и контролю развития трещин. Для специалистов по теории оболочек и строительной механике тонкостенных конструкций авиационной и космической техники, а также конструкторов, научных работников и студентов вузов соответствующих специальностей.
|
| 606 |
1 |
|
|a Оболочки цилиндрические
|2 stltpush
|3 (RuTPU)RU\TPU\subj\73554
|
| 606 |
1 |
|
|a Оболочки из композиционных материалов
|2 stltpush
|3 (RuTPU)RU\TPU\subj\46526
|9 65652
|
| 610 |
1 |
|
|a физика
|
| 610 |
1 |
|
|a композитные цилиндрические оболочки
|
| 610 |
1 |
|
|a механика
|
| 610 |
1 |
|
|a расчеты
|
| 610 |
1 |
|
|a прикладные задачи
|
| 610 |
1 |
|
|a ребристые оболочки
|
| 610 |
1 |
|
|a метод граничных параметров
|
| 610 |
1 |
|
|a устойчивость
|
| 610 |
1 |
|
|a динамика
|
| 610 |
1 |
|
|a импульсные нагрузки
|
| 610 |
1 |
|
|a динамическая устойчивость
|
| 610 |
1 |
|
|a композиционные материалы
|
| 610 |
1 |
|
|a колебания
|
| 610 |
1 |
|
|a слоистые оболочки
|
| 610 |
1 |
|
|a усталостные трещины
|
| 610 |
1 |
|
|a конструкции
|
| 610 |
1 |
|
|a флаттер
|
| 610 |
1 |
|
|a проектирование
|
| 610 |
1 |
|
|a подкрепленные оболочки
|
| 610 |
1 |
|
|a решение
|
| 675 |
|
|
|a 539.3
|v 3
|
| 675 |
|
|
|a 624.074.4
|v 3
|
| 701 |
|
1 |
|a Соломонов
|b Ю. С.
|g Юрий Семенович
|
| 701 |
|
1 |
|a Георгиевский
|b В. П.
|g Владимир Павлович
|
| 701 |
|
1 |
|a Недбай
|b А. Я.
|g Аркадий Яковлевич
|
| 701 |
|
1 |
|a Андрюшин
|b В. А.
|g Виктор Алексеевич
|
| 801 |
|
1 |
|a RU
|b 63413507
|c 20140618
|
| 801 |
|
2 |
|a RU
|b 63413507
|c 20150519
|g RCR
|
| 942 |
|
|
|c BK
|
| 959 |
|
|
|a 108/20140618
|d 2
|e 484,00
|f ЧЗТЛ:1
|f АНЛ:1
|